Cuerpo, territorio, mito /

Poeta y ensayista mexicano, Jaime Labastida (Los Mochis, Sinaloa, 1939) formó parte del grupo de escritores La Espiga Amotinada. Ha sido miembro numerario de la Asociación Filosófica de México, subdirector general de Educación e Investigación Artística del Instituto Nacional de Bellas Artes (1973-19...

Mô tả đầy đủ

Đã lưu trong:
Chi tiết về thư mục
Tác giả chính: Labastida, Jaime (autor)
Tác giả khác: Arcos, Bernardo (fotógrafo) (fotógrafo)
Định dạng: Sách
Ngôn ngữ:Tiếng Tây Ban Nha
Được phát hành: México : Siglo XXI, 2000, c2000
Loạt:(Teoría/Editorial Siglo XXI)
Những chủ đề:
Các nhãn: Thêm thẻ
Không có thẻ, Là người đầu tiên thẻ bản ghi này!

MARC

LEADER 00000nam^a2200000^a^4500
001 000146607
005 20250523000000.0
009 20260310095918.807
020 |a 968-23-2236-7 
037 |a Acervo ITESO - Biblioteca 
041 |a ESP 
082 |a 864.  |b LAB 
100 |a Labastida, Jaime  |e (autor) 
245 1 0 |a Cuerpo, territorio, mito /  |c J. Labastida ; fotografía de B. Arcos... [et al.]. 
264 4 |a México :  |b Siglo XXI,  |c 2000, c2000 
300 |a 303 p. 
336 |a texto  |b txt  |2 rdacontenido 
337 |a sin mediación  |b n  |2 rdamedio 
338 |a volumen  |b nc  |2 rdasoporte 
440 1 |a (Teoría/Editorial Siglo XXI) 
520 |a Poeta y ensayista mexicano, Jaime Labastida (Los Mochis, Sinaloa, 1939) formó parte del grupo de escritores La Espiga Amotinada. Ha sido miembro numerario de la Asociación Filosófica de México, subdirector general de Educación e Investigación Artística del Instituto Nacional de Bellas Artes (1973-1990) y director de la editorial Siglo XXI. Por su obra poética ha recibido los premios Tuxtla Gutiérrez (1980), Internacional de Poesía Ciudad de la Paz (1981) y José Fuentes Mares (1987); su labor periodística y ensayística también ha sido reconocida. Es autor de los libros de poesía A la intemperie (1970), Obsesiones con un tema obligado (1975), De las cuatro estaciones (1981), Plenitud del tiempo, (1986), Toda la muerte (1989), Dominio de la tarde (1991) y Animal de silencios (1996). Su producción ensayística comprende, entre otros títulos: Producción, ciencia y sociedad: de Descartes a Marx (1969), Aníbal Ponce: humanismo y revolución (1970), Humboldt, ese desconocido (1975), Marx hoy (1983), Estética del peligro (1986) y Cuerpo, territorio, mito (2000). 
586 |a Premio Nacional de Ciencias y Artes, categoría Historia, Ciencias Sociales y Filosofía (59°: 2008), ex aequo 
649 |a XX 
650 |a Ensayos Mexicanos 
650 |a Literatura Mexicana -  |y Siglo XXI 
650 |a Identidad Cultural 
650 |a Diferencia y Otredad 
650 |a Nación 
650 |a Mitología 
700 |a Arcos, Bernardo  |e (fotógrafo) 
910 |a Fondo General 
920 |a Impresos - Libros 
930 |a Colección General 
940 |a Literatura 
905 |a 101 
901 |a 0500076344  |b IT1  |c LIT  |u 20250521 
902 |a https://opac.biblio.iteso.mx/vufind/Record/000146607